000 00374nam a2200157Ia 4500
008 230524s9999 xx 000 0 und d
082 _a681.2
_bDOE
100 _aErnest O.Doebelin
_922124
245 0 _aMeasurement Systems
250 _a4TH
260 _aNEW DELHI
_bTMH
_c1990
300 _aXI;949
500 _aQuantity Number: 1
650 _aElectrical
942 _cBK
999 _c32474
_d32474